Online
Catalog

Comentarios sobre la economía dominicana : (Record no. 45558)

MARC details
000 -CABECERA
campo de control de longitud fija 01015nam a2200229 a 4500
001 - NÚMERO DE CONTROL
campo de control 000046069
005 - FECHA Y HORA DE LA ÚLTIMA TRANSACCIÓN
campo de control 20250207101102.0
008 - DATOS DE LONGITUD FIJA--INFORMACIÓN GENERAL
campo de control de longitud fija 150617s2011 dr 000 0 spa d
020 ## - NÚMERO INTERNACIONAL ESTÁNDAR DEL LIBRO
Número Internacional Estándar del Libro 9789945864335
040 ## - FUENTE DE LA CATALOGACIÓN
Centro catalogador/agencia de origen DO-SdBNP
Lengua de catalogación spa
Centro/agencia transcriptor BNPHU
082 ## - NÚMERO DE LA CLASIFICACIÓN DECIMAL DEWEY
Número de clasificación 330.97293
Número de documento/Ítem T266c
100 1# - ENTRADA PRINCIPAL--NOMBRE DE PERSONA
Nombre de persona Tejera, Eduardo J
Numeración 1947-
9 (RLIN) 10749
245 10 - MENCIÓN DE TÍTULO
Título Comentarios sobre la economía dominicana :
Resto del título artículos periodísticos. /
Mención de responsabilidad, etc. Eduardo J. Tejera.
260 ## - PUBLICACIÓN, DISTRIBUCIÓN, ETC.
Lugar de publicación, distribución, etc. Santo Domingo :
Nombre del editor, distribuidor, etc. Luz de Luna,
Fecha de publicación, distribución, etc. 2011.
300 ## - DESCRIPCIÓN FÍSICA
Extensión 311 p. ;
Dimensiones 23 cm.
590 ## - NOTA LOCAL (RLIN)
Nota local Inventariado, 2018/VM
650 #4 - PUNTO DE ACCESO ADICIONAL DE MATERIA--TÉRMINO DE MATERIA
Término de materia o nombre geográfico como elemento de entrada Crisis económica
Subdivisión geográfica República Dominicana
Subdivisión cronológica 2007-2010
Subdivisión de forma ENSAYOS, CONFERENCIAS, ETC.
9 (RLIN) 74139
651 #4 - PUNTO DE ACCESO ADICIONAL DE MATERIA--NOMBRE GEOGRÁFICO
Nombre geográfico República Dominicana
Subdivisión general Condiciones Económicas
Subdivisión cronológica 2007-2010
Subdivisión de forma ENSAYOS, CONFERENCIAS, ETC.
9 (RLIN) 74140
651 #4 - PUNTO DE ACCESO ADICIONAL DE MATERIA--NOMBRE GEOGRÁFICO
Nombre geográfico República Dominicana
Subdivisión general Aspectos Sociales
Subdivisión cronológica 2007-2010
Subdivisión de forma ENSAYOS, CONFERENCIAS, ETC.
9 (RLIN) 74141
651 #4 - PUNTO DE ACCESO ADICIONAL DE MATERIA--NOMBRE GEOGRÁFICO
Nombre geográfico República Dominicana
Subdivisión general Política Económica
Subdivisión cronológica 3007-2010
Subdivisión de forma ENSAYOS, CONFERENCIAS, ETC.
9 (RLIN) 74142
910 ## - DATOS DE OPCIÓN DEL USUARIO (OCLC)
Datos de opción del usuario Validado. Control de calidad MFF
Holdings
Estado de retiro Estado de pérdida Restricciones de uso No para préstamo Código de colección Localización permanente Ubicación/localización actual Ubicación en estantería Fecha de adquisición Número de inventario Total de préstamos Signatura topográfica completa Código de barras Fecha visto por última vez Número de copia Precio válido a partir de Tipo de ítem Koha
        Dominicana de Servicio General General Depósito 17.06.2015 LF1   330.97293 T266c 46069-30 25.06.2020 e. 3 25.06.2020 Libro y Folleto Colección Dominicana de Servicio
      Excluido de préstamo Patrimonio Dominicano Patrimonio Dominicano Patrimonio Dominicano Depósito 17.06.2015 LF1   330.97293 T266c 46069-10 25.06.2020   25.06.2020 Libro y Folleto Colección Patrimonio Dominicano
      Excluido de préstamo Patrimonio Dominicano Patrimonio Dominicano Patrimonio Dominicano Depósito 17.06.2015 LF1   330.97293 T266c 46069-20 25.06.2020 e. 2 25.06.2020 Libro y Folleto Colección Patrimonio Dominicano

Powered by Koha